Energetická účinnost budov a přírodní fyzická rizika jako ohrožení i obchodní příležitost pro banky a jejich klienty

Gespeichert in:
Bibliographische Detailangaben
1. Verfasser: Veselovský, Ondřej
Format: Buchkapitel
Sprache:Tschechisch
Schlagworte:
Tags: Tag hinzufügen
Keine Tags, Fügen Sie das erste Tag hinzu!

MARC

LEADER 00000naa a2200000 4500
001 0297405
005 20240417075255.5
041 0 |a cze 
044 |a CZ 
245 1 0 |a Energetická účinnost budov a přírodní fyzická rizika jako ohrožení i obchodní příležitost pro banky a jejich klienty  |c Ondřej Veselovský 
610 2 0 |a banky 
610 2 0 |a sporiteľne stavebné 
610 2 0 |a budovy 
610 2 0 |a efektívnosť 
610 2 0 |a energia 
610 2 0 |a úspory 
610 2 0 |a príjmy 
610 2 0 |a domácnosti 
100 1 |a Veselovský, Ondřej